COSMOSWorks 2007 : COSMOSWorks Professional Upgrade from COSMOSWorks Designer : Frequency, Buckling, Thermal, Fatigue, Optimization and Drop Test Analyses /

Guía de aprendizaje para la utilización de CosmosWorks, perteneciente a la familia SolidWorks. Se trata de una herramienta de análisis del comportamiento estructural de objetos sólidos basado en una técnica de análisis de elementos finitos, para la realización de modelos computacionales.

Сохранить в:
Библиографические подробности
Формат:
Язык:английский
Серии:(SolidWorks 2007. COSMOSWorks Professional 2007 Training Manual)
Предметы:
Метки: Добавить метку
Нет меток, Требуется 1-ая метка записи!

MARC

LEADER 00000nam^a2200000^a^4500
001 000195558
005 20250521000000.0
009 20260310102756.503
037 |a Acervo ITESO - Biblioteca 
041 |a ING 
082 |a 620. 00420285  |b COS 
245 0 0 |a COSMOSWorks 2007 :  |b COSMOSWorks Professional Upgrade from COSMOSWorks Designer : Frequency, Buckling, Thermal, Fatigue, Optimization and Drop Test Analyses / 
264 |a Santa Mónica, EUA :  |b Dassault Systemes,  |c 1997-2006 
300 |a VI, 184 p. 
336 |a texto  |b txt  |2 rdacontenido 
337 |a sin mediación  |b n  |2 rdamedio 
338 |a volumen  |b nc  |2 rdasoporte 
440 1 |a (SolidWorks 2007.  |p COSMOSWorks Professional 2007 Training Manual) 
520 |a Guía de aprendizaje para la utilización de CosmosWorks, perteneciente a la familia SolidWorks. Se trata de una herramienta de análisis del comportamiento estructural de objetos sólidos basado en una técnica de análisis de elementos finitos, para la realización de modelos computacionales. 
649 |a XX 
650 |a Resistencia de Materiales -  |x Tema Principal 
650 |a Materiales de Ingeniería 
650 |a Modelos (Metodología) 
650 |a Métodos de Simulación -  |x Tema Principal 
650 |a Diseño Asistido por Computadora -  |x Tema Principal 
650 |a Paquetes (Software) 
650 |a Sistemas Computacionales 
650 |a Diseño Industrial 
650 |a Computadoras en la Industria 
650 |a Ingeniería Computacional 
650 |a Ingeniería Mecánica 
910 |a Fondo General 
920 |a Impresos - Libros 
930 |a Colección General 
905 |a 101 
901 |a 0500141503  |b IT1  |c ACC  |u 20250521 
902 |a https://opac.biblio.iteso.mx/vufind/Record/000195558